Modli sa srdcom modlitebná príručka

Bibliographic Details
Main Author: Barbarić, Slavko, 1946-2000 (Author)
Other Authors: Merkovičová, Oľga (Translator)
Format: Book
Language:Slovak
Croatian
PhysicalDescription:144 s. 16 cm
Published: [Bratislava] Serafín 1997
ISBN:8085310821
Edition:4. vyd.
Subjects:

MARC

LEADER 00000cam a2200000 a 4500
001 vtls001418133
003 SK-MaSNL
005 20260301012715.0
008 240315s1997 xo r 000 0 slo
015 |a SNBA2001/11-03675 
020 |a 8085310821 
035 |a SNK000372932 
035 |a urn:nbn:sk:snk-amjd2d 
035 |a urn:nbn:sk:snk-am002kuu 
035 |a E7F99BC5-FE30-418D-B08C-592B87480DB9 
040 |a SNK  |b slo  |c SNK  |e AACR2 
041 1 |a slo  |h hrv 
044 |a xo  |c SK 
080 |a 243  |2 1981 
100 1 |a Barbarić, Slavko,  |d 1946-2000  |4 aut 
245 1 0 |a Modli sa srdcom  |b modlitebná príručka  |c Slavko Barbarič ; [preložila Oľga Merkovičová] 
250 |a 4. vyd. 
260 |a [Bratislava]  |b Serafín  |c 1997 
300 |a 144 s.  |c 16 cm 
500 |a Vyd. Provincialát rehole menších bratov františkánov 
650 0 7 |a modlitby  |x príručky  |2 SNK  |9 297030 
655 7 |a príručky  |2 SNK  |9 74364 
700 1 |a Merkovičová, Oľga  |4 trl  |9 45695 
710 0 |a Provincialát rehole menších bratov Františkánov  |4 pbl  |9 77031 
919 |a 80-85310-82-1 
958 |a TL 
958 |a NB 
958 |a NT 
999 |c 554200  |d 556130 
952 |t P60, <04>, [BOOK], {604}  |a SNK  |b SNK  |y VYP  |7 0  |p 17A0310589  |o snkSD 71741 D1  |i snkKSP 9498/2001  |0 0  |1 0  |4 0  |d 2001-08-13  |f 1  |l 0  |r 2005-01-02 00:00:00  |w 2026-02-23 
952 |t P60, <03>, [BOOK], {603}  |a SNK  |b SNK  |y PREZ  |7 0  |p 17A0310588  |o snkSD 71741  |i snkKSP 9497/2001  |0 0  |1 0  |4 0  |d 2001-08-13  |l 0  |r 2005-01-02 00:00:00  |w 2026-02-23